• 首页
  • 本馆介绍
  • 公告通知
  • 最新文献
  • 馆藏检索
  • 电子资源
  • 读者导购
  • 参考咨询
  • 我的图书馆
  • 登录
  • 详细信息显示
  • 放入我的书架
  • 预约/预借图书
  • 作者相关作品
  • 分类相关作品
  • 丛书相关作品
  • 出版社相关作品

书目信息

  • 表格格式
  • 工作单格式
  • 卡片格式
题名:
传统音韵学实用教程
    
 
作者: 邹晓丽
分册:  
出版信息: 上海   上海辞书出版社  2002
页数: 250页
开本: 19cm
丛书名:
单 册:
中图分类: H116.2
科图分类:
主题词: 汉语--语音 , 汉语--音韵学
电子资源:
ISBN: 7-5326-0840-9
000 00554nam0 2200193 450
001 0728815141
005 20070819080015.14
010    @a7-5326-0840-9@d¥18.00
100    @a20070819d km y0chiy0120 ea
101 0  @achi
200 1  @a传统音韵学实用教程@Achuan tong yin yun xue shi yong jiao cheng@f邹晓丽@Fzou xiao li
210    @a上海@c上海辞书出版社@d2002
215    @a250页@d19cm
606 0  @a汉语@x语音
606 0  @a汉语@x音韵学
690    @aH116.2@v3
701  0 @a邹晓丽@Azou xiao li
801  0 @aCN@bPFT@c20070819
905    @a213230@dH116.2@eZW45@f1
    
    传统音韵学实用教程/邹晓丽.-上海:上海辞书出版社,2002
    250页;19cm
    
    
    ISBN 7-5326-0840-9:¥18.00
    
●
相关链接 在E读中查询图书 在五车中查询图书 在当当中查询图书 在豆瓣中查询图书


正题名:传统音韵学实用教程     索取号:H116.2/ZW45         预约/预借

序号 登录号 条形码 馆藏地/架位号 状态 备注
1 7615225   276152253   密集书库-文学院/ [索取号:H116.2/ZW45] 在馆    
唐山师范学院图书馆 欢迎您!
大连网信软件有限公司© 版权所有